Computer simulation using particles (Record no. 9519)

MARC details
000 -LEADER
fixed length control field 00593nam a2200193Ia 4500
003 - CONTROL NUMBER IDENTIFIER
control field IN-BaIIA
008 - FIXED-LENGTH DATA ELEMENTS--GENERAL INFORMATION
fixed length control field 211028s9999 xx 000 0 eng d
020 ## - INTERNATIONAL STANDARD BOOK NUMBER
International Standard Book Number 0-85274-392-0
040 ## - CATALOGING SOURCE
Transcribing agency IIA Library
080 ## - UNIVERSAL DECIMAL CLASSIFICATION NUMBER
Universal Decimal Classification number 519.68:531.32
Item number HOC
100 ## - MAIN ENTRY--PERSONAL NAME
Personal name Hockney, R. W.
9 (RLIN) 16043
245 #0 - TITLE STATEMENT
Title Computer simulation using particles
Statement of responsibility, etc. R. W. Hockney and J. W. Eastwood
260 ## - PUBLICATION, DISTRIBUTION, ETC.
Place of publication, distribution, etc. Bristol
Name of publisher, distributor, etc. Adam Hilger
Date of publication, distribution, etc. 1988
300 ## - PHYSICAL DESCRIPTION
Extent xxi, 540p.
650 ## - SUBJECT ADDED ENTRY--TOPICAL TERM
Topical term or geographic name entry element Computer simulation
9 (RLIN) 10177
650 ## - SUBJECT ADDED ENTRY--TOPICAL TERM
Topical term or geographic name entry element NASA thesaurus
700 ## - ADDED ENTRY--PERSONAL NAME
Personal name Eastwood, J. W
9 (RLIN) 16044
942 ## - ADDED ENTRY ELEMENTS (KOHA)
Koha item type Books
Holdings
Withdrawn status Lost status Damaged status Not for loan Home library Current library Shelving location Date acquired Total Checkouts Full call number Barcode Date last seen Price effective from Koha item type
        IIA Library-Bangalore IIA Library-Bangalore General Stacks     519.68:531.32/ HOC 10429 05/11/2021   Books

Powered by Koha